000
00255nam a22001217a 4500
082
_a
474
_b
VYA/S
100
_a
VYAS,RAHUL
245
_a
SUGAM HINDI VYAKARAN
260
_a
DELHI
_b
SUNRISE PUBLISHER
300
_a
144
650
_a
GRAMMAR
_z
DELHI
942
_c
BK
999
_c
4224
_d
4224